KOHA-Header-6

Marketing Strategy (Record no. 6599)

000 -LEADER
fixed length control field 00249nam a2200109Ia 4500
100 ## - MAIN ENTRY--AUTHOR NAME
Personal name David Luck
245 #0 - TITLE STATEMENT
Title Marketing Strategy
260 ## - PUBLICATION, DISTRIBUTION, ETC. (IMPRINT)
Place of publication USA
Name of publisher McGraw Hill
Year of publication 1999
300 ## - PHYSICAL DESCRIPTION
Number of Pages 407
942 ## - ADDED ENTRY ELEMENTS (KOHA)
Koha item type Books
Holdings
Withdrawn status Lost status Collection code Permanent Location Current Location Shelving location Date acquired Full call number Accession Number Koha item type
    Marketing MAJU MAJU   2019-09-07 004.33 2736 Marketing

Powered by Koha